Quizzes
Events
Quiz Creation
Community
Videos
Private Events
Remove Ads
Sign In
Join for FREE
Feedback
Dark Mode
Quiz Categories
Sports
Geography
Music
Movies
Television
Just For Fun
Miscellaneous
History
Literature
Language
Science
Gaming
Entertainment
Religion
Holiday
For Kids
Quiz Lab
Recent
Popular Today
Quiz Kudos Today
Editor Picks
Curator Picks
Quizzes by...
Day
Popularity
Type
Ratings
Length
Year
Community
Subscriptions
Recent Discussions
Orange Saloon
Badges
Playlists
Quests
Create
Leaderboards
Showdown
Live 5
Trivia Bingo
Activity
Puzzle Library
Sporcle Events
Private Events
Virtual Trivia
Globe League
Become a Host
Pub Owners
SporcleCon
Opinionation
Our Games
Videos
Blog
Mobile Apps
Partnerships
Remove Ads and Go Orange
Feedback
Music
Pop Music
The Beatles
Song
Album
Lyrics
Bands
Singers
Artist
Clip
Rock
Rap
Classical
Billboard
Country Music
Kpop
Taylor Swift
Music
Pop Music
The Beatles
Song
Album
Lyrics
Bands
Singers
Artist
Clip
Rock
Rap
Classical
Billboard
Country Music
Kpop
Taylor Swift
Random Quiz
Search Sporcle
×
Quiz Lab
Quiz Lab
Music
Song
Type in answers that appear in a list
Type in answers that appear in a list
Classic
Best Score? Go Orange.
Muse Song By lyrics Stats
Can you name the Muse songs by the lyrics?
By
tatton
8m
13 Questions
549 Plays
549 Plays
549 Plays
Comments
Comments
Give Quiz Kudos
Give Quiz Kudos
-
- Ratings
hide this ad
Replay
Link that replays current quiz
Next Quiz
Link to next quiz in quiz playlist
You Got
0%
They Got
Avg Score
87%
Avg Friend Score
Upgrade to see
Score Distribution
Jump to the score distribution portion of the page
Score
0/13
Timer
08:00
0
Plays Today
Lyrics
Song
% Correct
Far away This ship is taking me far away Far away from the memories
Starlight
97.6%
Oh baby dont you know I suffer? Oh baby can you hear me moan? You caught me under false pretenses
Supermassive Black Hole
94.3%
They'll try to, push drugs that keep us all dumbed down And hope that, we will never see the truth around
Uprising
94.2%
No one's gonna take me alive No one's gonna take me alive You and I must fight for our rights
Knights of Cydonia
94%
You're something beautiful A contradiction I wanna play the game I want the friction
Time is Running out
93.1%
I've exposed your lies, baby The underneath is no big surprise, Now it's time for changing,And cleansing everything
Plug in baby
91.6%
Birds flying high you know how I feel, Birds flying high you know how I feel
Feeling Good
89.2%
Kill your prayers for love and peace You'll wake the thought police We can't hide the truth inside
Resistance
87.8%
It's holding me, morphing me And forcing me to strive
Hysteria
84.3%
You should make a stand Stand up for what you believe And tonight We can truly say
Invincible
83.2%
I want to push this beyond a peaceful protest I wanna speak in a language that they'll understand
Unnatural Selection
75.9%
Controlling my feelings for too long, Forcing our darkest souls to unfold
Showbiz
74.3%
The time has come for you To shoot your leaders down Join forces underground
Assassin
73.5%
Quiz Playlist
Details
Report
Send in Message
Add To Playlist
Classic:
Type in answers that appear in a list
Last Updated: Feb 16, 2017
Quiz Scoreboard
CHALLENGE
Sign Up to Join the Scoreboard
Show All
Scores
Hide
Comments
May contain spoilers
Recently Published
Presidents Visiting Landmarks
by Hejman
History
7m
An Introduction to Baseball
by treessimontrees
Sports
5m
Movies - When Are They Set?
by FPL_Elf
Movies
5m
More to Explore
Quiz From the Vault
Featured Blog Post
Where Did the Easter Bunny Come From?
hide this ad
You Might Also Like...
Tags
Album Quiz
Clip Quiz
Lyrics Quiz
Song Quiz
Audio Quiz
muse
sound
Today's Top Quizzes in Music
Browse Music
hide this ad
Today's Top Quizzes in Song
Browse Song
Top Contributed Quizzes in Music
1
Taylor Swift All Songs (2024)
2
Guess the Artist- 70s Songs
3
One Thing in Common: Music
4
KPOP LOGIC QUIZ
5
2010s Album by Cover III
6
Taylor Swift Logic Puzzle
7
Guess the Taylor Swift song (Mystery Song)
8
7-to-1: Billboard Hot 100 #1 Hits of 2010s
9
2010s Album by Cover IV
10
2010s Album by Cover V
Explore More
Trending Topics
Crossword
Kpop
Harry Potter
NBA
Anime
Marvel
Disney
WWE
Puzzle
NFL
Song
Country
Soccer
Pokémon
The Office
hide this ad
More By:
tatton
Quiz
Plays
Rating
Category
Featured
Created
Metallica Lyrics
3,376
2.88
Music
Sep 23, 2009
Call of duty MW2 Maps
1,575
2.00
Gaming
Apr 5, 2010
Muse Song By lyrics
549
4.00
Music
Apr 6, 2010
Arsenal First Team 09/10
408
1.57
Sports
Sep 23, 2009
Arsenal Reserve and Youth Players
215
4.00
Sports
Apr 6, 2010
Go to Creator's Profile
Score Distribution
Quiz Creator Spotlight
tatton
Follow
Send a Message
Quizzes Created
-
Created Quiz Play Count
-
More By This Creator
Popular Quizzes Today
1
Find the US States - No Outlines Minefield
2
Find the Countries of Europe - No Outlines Minefield
3
The Countries of the World
4
Popular People in 1961
5
Find the US States
6
US States
7
Risky Map Clicking: Biggest States A-Z
8
1-10 Letter E Words III
More Music Quizzes
Alternative 2011 (clips)
Quiz Lab
Trending Quizzes
Risky Map Clicking: Least Populous States A-Z
1-10 Letter G Words
1-10 Letter F Words
One Thing in Common: United Kingdom
Risky Map Clicking: Next State Alphabetically
Recently Updated
Leaping Animals
pecheneg
Reality TV Shows (A-Z)
bhenderson79
Rickey Henderson's Hall of Fame Teammates
pecheneg
Champions League XIs: Arsenal
pecheneg
Quick Pick: Celebrities in WWE's Hall of Fame
aduchscher
A-Z Keypad Blitz II
pecheneg
Multiple Oscar Actors
pecheneg
Mystery Phrase Blitz: Oscar 'Best Actors'
pecheneg
F. Scott Fitzgerald Novels
LTH
Pick 3 Villains
ddd62291
Trending Topics
Harry Potter
Crossword
Kpop
NBA
Disney
Anime
Marvel
Song
Puzzle
Soccer
Pokémon
The Office
NFL
WWE
Country
Your Account Isn't Verified!
In order to create a playlist on Sporcle, you need to verify the email address you used during registration. Go to your
Sporcle Settings
to finish the process.
Report this User
Report this user for behavior that violates our
Community Guidelines
.
Details:
Send Report
Go to the Sporcle.com Mobile Site →
Comments